000 00629nam a2200217 a 4500
008 951123s1986||||[C 0 slo c
020 _c22 Kčs.
_q(10000 výtl.)
040 _aSNK
_bslo
_cSNK
_eAACR2
041 1 _aslo
_hrus
044 _axo
_cSK
080 _a794.1
100 1 _aRojzman, Abram
_4aut
245 1 0 _aŠachové miniatúrky
_cAbram Rojzman ; Július Kozma, Milan Chvíla
250 _a1., vyd.
260 _aBratislava
_bŠport
_c1986
_ePrešov
_fDuklianske tlačiarne
300 _a287 s., 16,70 AH
_c21 cm
490 0 _aTréner
700 1 _aKozma, Július
_4trl
700 1 _aChvíla, Milan
_4bkd
958 _aA
999 _c18605
_d18605